| 000 | 00764nam a2200181Ia 4500 | ||
|---|---|---|---|
| 008 | 090124s9999 xx 000 0 und d | ||
| 082 | _b43503 | ||
| 100 | _aरामटेके सिध्दार्थ | ||
| 245 | _aAMBEDKARI SHATAK OLANDTANA आंबेडकरी शतक ओलांडताना | ||
| 250 | _a1 | ||
| 260 |
_bकोमल प्रकाशन _c2005 |
||
| 300 | _a250 | ||
| 600 | _aरामटेके सिध्दार्थ | ||
| 630 | _aAMBEDKARI SHATAK OLANDTANA आंबेडकरी शतक ओलांडताना | ||
| 700 | _aरामटेके सिध्दार्थ | ||
| 730 | _aAMBEDKARI SHATAK OLANDTANA आंबेडकरी शतक ओलांडताना | ||
| 942 | _cBOOK | ||
| 999 |
_c109732 _d109732 |
||